The forest and six short plays

Colección de siete obras cortas de Galsworthy, donde se encuentra contenido el cuento “El bosque”, así como ”el primero y el último”, “El pequeño hombre”, “hall marcado” “Derrota”, “El sol” y “Golpe e ida”. Este libro se encuentra en inglés.

Đã lưu trong:
Chi tiết về thư mục
Tác giả chính: Galsworthy, John
Định dạng: Sách
Ngôn ngữ:Undetermined
Được phát hành: París, Francia Bernhard Tauchnitz 1928
Những chủ đề:
Các nhãn: Thêm thẻ
Không có thẻ, Là người đầu tiên thẻ bản ghi này!

MARC

LEADER 00000nam a2200000Ia 4500
008 170316s9999 xx 000 0 und d
040 |a cru BVZT 
090 |a 820 G-1f 
100 |a Galsworthy, John 
245 4 |a The forest and six short plays 
260 |a París, Francia 
260 |b Bernhard Tauchnitz 
260 |c 1928 
300 |a 271 páginas 
520 |a Colección de siete obras cortas de Galsworthy, donde se encuentra contenido el cuento “El bosque”, así como ”el primero y el último”, “El pequeño hombre”, “hall marcado” “Derrota”, “El sol” y “Golpe e ida”. Este libro se encuentra en inglés. 
650 |a LITERATURA INGLESA  |9 12 
999 |c 6900  |d 6900 
942 |c 15 D  |h 820 G-1f  |2 z